|
|
|
|
| LEADER |
00000nam a22000004a 4500 |
| 001 |
AR-BbUGT4505 |
| 003 |
AR-BbUGT |
| 005 |
20210928063352.0 |
| 007 |
ta |
| 008 |
080319t2007 ag m |0|||0|spa d |
| 999 |
|
|
|c 11831
|d 11831
|
| 040 |
|
|
|a AR-BbUGT
|b spa
|c AR-BbUGT
|
| 082 |
0 |
4 |
|a 380.14
|
| 100 |
1 |
|
|a Errecalde, Fernando.
|4 dis
|
| 245 |
1 |
0 |
|a Desarrollo turístico sustentable del balneario Playas Doradas. Provincia de Río Negro /
|c Fernando Errecalde.
|
| 260 |
|
|
|c 2007.
|
| 300 |
|
|
|a 103 p. ;
|c 30 cm.
|
| 502 |
|
|
|a Tesis (grado)--Universidad Nacional del Sur. Departamento de Geografía y Turismo, 2007.
|
| 504 |
|
|
|a Bibliografía p. 81-85.
|
| 653 |
|
|
|a Desarrollo turístico
|
| 653 |
|
|
|a Balneario Playas Doradas [San Antonio, Río Negro (Provincia)]
|
| 653 |
|
|
|a Tesis de grado
|
| 700 |
1 |
|
|a Rodríguez, Cecilia
|4 ths.
|
| 710 |
2 |
|
|a Universidad Nacional del Sur.
|b Departamento de Geografía y Turismo
|4 dgg.
|9 48
|
| 942 |
|
|
|c BK
|h 380.14
|i ER78
|2 ddc
|6 380_140000000000000_ER78
|